La iglesia de Santa Prisca de Taxco (Record no. 7616)

MARC details
000 -CABECERA
campo de control de longitud fija 01213nam a2200325 a 4500
001 - NÚMERO DE CONTROL
campo de control BRCA_7947
005 - FECHA Y HORA DE LA ÚLTIMA TRANSACCIÓN
campo de control 20190320210051.0
008 - DATOS DE LONGITUD FIJA--INFORMACIÓN GENERAL
campo de control de longitud fija 100314s1974----mx-a###f##---#000-0#spa-#
041 ## - CÓDIGO DE LENGUA
Código de lengua del texto/banda sonora o título independiente spa
044 ## - CÓDIGO DEL PAÍS DE LA ENTIDAD EDITORA/PRODUCTORA
Código MARC del país mx
050 #4 - SIGNATURA TOPOGRÁFICA DE LA BIBLIOTECA DEL CONGRESO
Número de clasificación NA5257
Número de documento/Ítem .V37 1974
100 1# - ENTRADA PRINCIPAL--NOMBRE DE PERSONA
Nombre de persona Vargas Lugo, Elisa
9 (RLIN) 500
245 10 - MENCIÓN DE TÍTULO
Título La iglesia de Santa Prisca de Taxco
Mención de responsabilidad, etc. Elisa Vargas Lugo ; viñetas de Manuel González Galván ; fotografías de Elisa Vargas Lugo, Carlos Heinze y Gerardo Kholman.
260 ## - PUBLICACIÓN, DISTRIBUCIÓN, ETC.
Lugar de publicación, distribución, etc. México
Nombre del editor, distribuidor, etc. UNAM, Instituto de Investigaciones Estéticas
Fecha de publicación, distribución, etc. 1974
300 ## - DESCRIPCIÓN FÍSICA
Extensión 307 p.
Otras características físicas il. a color, 22 láminas
Dimensiones 28 cm.
500 ## - NOTA GENERAL
Nota general Dedicatoria de la autora al señor Franz Mayer
500 ## - NOTA GENERAL
Nota general 3104
500 ## - NOTA GENERAL
Nota general Dedicatoria de la autora al señor Franz Mayer
504 ## - NOTA DE BIBLIOGRAFÍA, ETC.
Nota de bibliografía, etc. Bibliografía p.306-307
650 14 - PUNTO DE ACCESO ADICIONAL DE MATERIA--TÉRMINO DE MATERIA
Término de materia o nombre geográfico como elemento de entrada Santa Prisca (Iglesia)
Subdivisión geográfica Taxco (México)
9 (RLIN) 19690
650 14 - PUNTO DE ACCESO ADICIONAL DE MATERIA--TÉRMINO DE MATERIA
Término de materia o nombre geográfico como elemento de entrada Arquitectura religiosa
Subdivisión geográfica México
9 (RLIN) 24
650 14 - PUNTO DE ACCESO ADICIONAL DE MATERIA--TÉRMINO DE MATERIA
Término de materia o nombre geográfico como elemento de entrada Iglesias
Subdivisión geográfica México
9 (RLIN) 4471
651 #4 - PUNTO DE ACCESO ADICIONAL DE MATERIA--NOMBRE GEOGRÁFICO
Nombre geográfico Taxco, Guerrero
9 (RLIN) 10504
700 1# - PUNTO DE ACCESO ADICIONAL--NOMBRE DE PERSONA
Nombre de persona González Galván, Manuel
9 (RLIN) 3020
700 1# - PUNTO DE ACCESO ADICIONAL--NOMBRE DE PERSONA
Nombre de persona Heinze, Carlos
Término indicativo de función/relación il.
9 (RLIN) 19691
700 1# - PUNTO DE ACCESO ADICIONAL--NOMBRE DE PERSONA
Nombre de persona Kholman, Gerardo
Término indicativo de función/relación il.
9 (RLIN) 19692
710 2# - PUNTO DE ACCESO ADICIONAL--NOMBRE DE ENTIDAD CORPORATIVA
Nombre de entidad corporativa o nombre de jurisdicción como elemento de entrada UNAM
Unidad subordinada Instituto de Investigaciones Estéticas
9 (RLIN) 11430
902 ## - CATALOGADOR
Iniciales GFM
942 ## - ELEMENTOS DE PUNTO DE ACCESO ADICIONAL (KOHA)
Fuente del sistema de clasificación o colocación Library of Congress Classification
Tipo de ítem Koha Libros
Holdings
Estado de retiro Estado de pérdida Estado dañado No para préstamo Localización permanente Ubicación/localización actual Fecha de adquisición Número de inventario Total de préstamos Signatura topográfica completa Código de barras Fecha visto por última vez Precio válido a partir de Tipo de ítem Koha
El ejemplar forma parte de la colección y puede ser consultado según las políticas vigentes.       Biblioteca del Museo Franz Mayer (Rogerio Casas-Alatriste) Biblioteca del Museo Franz Mayer (Rogerio Casas-Alatriste) 10/03/2014 3104   NA5257 .V37 1974 (3104) 8558 22/03/2019 22/03/2019 Libros